Partitioned data set extended usage guide (Record no. 210577)
[ view plain ]
| 000 -LEADER | |
|---|---|
| fixed length control field | 01371nam a2200349Ia 4500 |
| 082 04 - DEWEY DECIMAL CLASSIFICATION NUMBER | |
| Classification number | 005.7/4 |
| 245 00 - TITLE STATEMENT | |
| Title | Partitioned data set extended usage guide |
| 250 ## - EDITION STATEMENT | |
| Edition statement | 2nd ed. |
| 260 ## - PUBLICATION, DISTRIBUTION, ETC. (IMPRINT) | |
| Place of publication | San Jose, CA : |
| Name of publisher | IBM Corp., International Technical Support Organization, |
| Year of publication | c2005. |
| 300 ## - PHYSICAL DESCRIPTION | |
| Number of Pages | xvi, 342 p. : |
| Other physical details | ill. |
| 490 1# - SERIES STATEMENT | |
| Series statement | Redbooks |
| 500 ## - GENERAL NOTE | |
| General note | "This edition applies to Version 1, Release 6 of z/OS (product number 5694-A01)." |
| General note | "May 2005." |
| 650 #0 - SUBJECT ADDED ENTRY--TOPICAL TERM | |
| Topical Term | Database management. |
| Topical Term | Computer storage devices. |
| 700 1# - ADDED ENTRY--PERSONAL NAME | |
| Personal name | Lovelace, Mary. |
| 856 40 - ELECTRONIC LOCATION AND ACCESS | |
| Uniform Resource Identifier | http://site.ebrary.com/lib/rucke/Doc?id=10112083 |
No items available.
